| 000 | 00965cam a2200325 i 4500 | ||
|---|---|---|---|
| 001 | 200429010 | ||
| 003 | TR-AnTOB | ||
| 005 | 20240924123253.0 | ||
| 007 | ta | ||
| 008 | 840427s2014 eng b 001 0 eng d | ||
| 020 | _a978145224269 | ||
| 040 |
_aDLC _beng _erda _cDLC _dWQM _dOCL _dUKM _dTR-AnTOB |
||
| 041 | _aeng | ||
| 050 | 0 | 0 |
_aH62 _b.Y56 2014 |
| 090 |
_aH62 _b.Y56 2014 |
||
| 100 | 1 |
_aYin, Robert K. _9119084 |
|
| 245 | 1 | 0 |
_aCase study research : _bdesign and methods / _cRobert K. Yin. |
| 250 | _a5. baskı | ||
| 264 | 1 |
_aBeverly Hills, California : _bSage Publications, _c2014. |
|
| 264 | 1 | _c©2014 | |
| 300 |
_a282 pages ; _c23 cm |
||
| 336 |
_2rdacontent _atext |
||
| 337 |
_2rdamedia _aunmediated |
||
| 338 |
_2rdacarrier _avolume |
||
| 504 | _aIncludes bibliographical references: pages 147-151. | ||
| 650 | 0 |
_aCase method _9119086 |
|
| 650 | 0 |
_aSocial sciences _xResearch _xMethodology _995 |
|
| 942 |
_2lcc _cBK |
||
| 999 |
_c200429010 _d46934 |
||